| 000 | 00600ntaaa2200205 4500 | ||
|---|---|---|---|
| 003 | 01 | ||
| 005 | 20251027202530.0 | ||
| 008 | 0714s1973 ag 01 | ||
| 040 |
_aAR-BaBN _bspa _cAR-BaBN _eaacr _dRIC |
||
| 082 | _a922.0000 P27 | ||
| 100 |
_aPaton, Juan G. _924351 |
||
| 245 | _aTreinta años entre los Caníbales | ||
| 250 | _a1 ed. | ||
| 260 |
_as.l. : _bCasa Bautista de Publicaciones, _c1952 |
||
| 300 | _a138 p. | ||
| 500 | _a"Apuntes sacados de las memorias autobiográficas de Paton, misionero de Nuevas Hébridas | ||
| 650 | _aMisiones | ||
| 650 |
_aBiligragìa-Paton _924352 |
||
| 942 | _cBK | ||
| 999 |
_c20383 _d20383 |
||